MLB TEAMS TO ROOT FOR - Statistics

General Stats
  • This quiz has been taken 11 times
  • The average score is 22 of 30
Answer Stats
Hint AnsweR % Correct
11 cubs
100%
28 dodgers
100%
7 astros
88%
2 padres
88%
9 rangers
88%
25 reds
88%
6 redsox
88%
21 whitesox
88%
30 yankees
88%
14 blue jays
75%
12 braves
75%
22 brewers
75%
23 cardinals
75%
5 diamondbacks
75%
18 giants
75%
13 mariners
75%
17 marlins
75%
3 rays
75%
4 guardians
63%
10 mets
63%
27 nationals
63%
1 orioles
63%
29 Phillies
63%
26 pirates
63%
8 tigers
63%
15 twins
63%
16 angels
50%
24 athletics
50%
19 rockies
50%
20 royals
50%
No matching quizzes found
Score Distribution
Percent of People with Each Score
Percentile by Number Answered
Your Score History
You have not taken this quiz